Derecho de familia
Saved in:
| Main Author: | |
|---|---|
| Format: | Book |
| Language: | Spanish |
| Published: |
Santiago
Nascimento
1963
|
| Edition: | 1a. ed |
| Subjects: | |
| Tags: |
Add Tag
No Tags, Be the first to tag this record!
|
MARC
| LEADER | 00000cam a2200000 a 4500 | ||
|---|---|---|---|
| 001 | UCV1598 | ||
| 003 | CL-VaPUC | ||
| 008 | 900828e19630000CL |||||||||||||||||spa|d | ||
| 082 | 0 | 4 | |a 346.015 |b SOM |2 21 |
| 100 | 0 | |a Somarriva Undurraga, Manuel |e author |9 295887 | |
| 245 | 1 | 0 | |a Derecho de familia |
| 250 | |a 1a. ed | ||
| 300 | |a 782 p | ||
| 942 | |c BK | ||
| 945 | |d 19900828 00:00:00 | ||
| 260 | |a Santiago |b Nascimento |c 1963 | ||
| 650 | 0 | |a Alimentos |9 256203 | |
| 650 | 0 | |a Derecho y legislación |9 255077 | |
| 650 | 0 | |a Familias |9 255641 | |
| 650 | 0 | |a Filiación |9 256647 | |
| 650 | 7 | |a MATRIMONIO |2 CL-VaPUC |9 295888 | |
| 650 | 7 | |a PATERNIDAD DERECHO |2 CL-VaPUC |9 256701 | |
| 651 | 7 | |a CHILE |2 CL-VaPUC |9 295889 | |
| 583 | |a last modification |c 20160617 12:32:15 |k Rodrigo Vera | ||
| 999 | |c 209521 |d 209519 | ||
| 952 | |0 0 |1 0 |4 0 |6 346_015000000000000_SOM_1963 |7 0 |8 A |9 184957 |a BIBDER |b BIBDER |d 2019-11-14 |i 2522810 |l 3 |m 14 |o 346.015 SOM 1963 |p 2522810 |q 2025-05-12 |r 2024-07-24 |s 2024-07-24 |w 2019-11-14 |y BK |k DER | ||
| 952 | |0 0 |1 0 |3 erb |4 0 |6 346_015000000000000_SOM_1963 |7 0 |8 A |9 184959 |a BIBDER |b BIBDER |i 5313759 |o 346.015 SOM 1963 |p 5313759 |r 2023-01-25 |w 2019-11-14 |y BK |z Catalogado en:20160623 |k DER | ||